000 00449nam a2200145Ia 4500
008 230917s9999||||xx |||||||||||||| ||und||
040 _e75739
_aMAIN
041 _aEnglish
082 _a658.8 T849I
100 _aTurnbull, Peter W, ed
245 0 _aInternational marketing and purchasing: a survey among markerting and purchasing executives in five European countries
260 _aLondon
_bMacmillan
_c1981
300 _axv, 133 p.
942 _cBK
999 _c224002
_d224002